UBT Library

Microeconomics / (Record no. 45125)

000 -LEADER
fixed length control field 00794cam a2200253 a 4500
001 - CONTROL NUMBER
control field 15461179
005 - DATE AND TIME OF LATEST TRANSACTION
control field 20180315062814.0
008 - FIXED-LENGTH DATA ELEMENTS--GENERAL INFORMATION
fixed length control field 080923s2006 nyua 001 0 eng d
010 ## - LIBRARY OF CONGRESS CONTROL NUMBER
LC control number 2008300179
020 ## - INTERNATIONAL STANDARD BOOK NUMBER
International Standard Book Number 0716786893
020 ## - INTERNATIONAL STANDARD BOOK NUMBER
International Standard Book Number 9780716786894
035 ## - SYSTEM CONTROL NUMBER
System control number (OCoLC)ocm70115464
040 ## - CATALOGING SOURCE
Original cataloging agency UAB
Transcribing agency UAB
Modifying agency BAKER
-- BTCTA
-- DLC
041 ## - LANGUAGE CODE
Language code of text/sound track or separate title eng
042 ## - AUTHENTICATION CODE
Authentication code lccopycat
080 ## - UNIVERSAL DECIMAL CLASSIFICATION NUMBER
Universal Decimal Classification number 338.5 KRU
082 00 - DEWEY DECIMAL CLASSIFICATION NUMBER
Classification number 338.5 KRU
Edition number 22
100 1# - Rafti
Rafti 52
101 ## - Shkurtesa
Shkurtesa MIK
245 10 - TITLE STATEMENT
Title Microeconomics /
Statement of responsibility, etc Paul Krugman, Robin Wells, Anthony Myatt.
906 ## - LOCAL DATA ELEMENT F, LDF (RLIN)
a 7
b cbc
c copycat
d 2
e ncip
f 20
g y-gencatlg
942 ## - ADDED ENTRY ELEMENTS (KOHA)
Source of classification or shelving scheme
Item type Books
Holdings
Withdrawn status Lost status Source of classification or shelving scheme Damaged status Not for loan Collection code Permanent location Current location Shelving location Date acquired Total Checkouts Full call number Barcode Date last seen Price effective from Koha item type
          Koleksioni i përgjithshem UBT - Lipjan UBT - Lipjan Koleksioni i përgjithshem 03/15/2018   338.5 KRU 002-3001846 03/15/2018 03/15/2018 Books
UBT Library © 2015-2024. All rights reserved University Education for Business and Technology